Star Academy - Tous les candidats - Statistiques

Statistiques générales
  • Ce quiz a été pris 1 052 fois
    947 depuis la dernière actualisation
  • Le résultat moyen est 81 sur 205
Statistiques - réponses
Hint Réponse % Correct
Saison 4 1er éliminé.e Lennie
83%
Saison 13 Candidat.e Lenny
83%
Saison 2 Demi-finaliste Emma
81%
Saison 12 5e éliminé.e Emma
81%
Saison 1 Gagnant.e Jenifer
80%
Saison 12 7e éliminé.e Julie
79%
Saison 10 Finaliste Léa
79%
Saison 13 Candidat.e Léa
79%
Saison 11 Gagnant.e Pierre
78%
Saison 3 10e éliminé.e Pierre
78%
Saison 5 9e éliminé.e Pierre
78%
Saison 7 11e éliminé.e Pierre
78%
Saison 13 Candidat.e Victor
78%
Saison 13 Candidat.e Théo L
76%
Saison 13 Candidat.e Théo P
76%
Saison 13 Candidat.e Ambre
74%
Saison 13 Candidat.e Sarah
74%
Saison 13 Candidat.e Anouk
73%
Saison 12 Gagnant.e Marine
73%
Saison 11 Demi-finaliste Héléna
72%
Saison 10 6e éliminé.e Julien
71%
Saison 11 Finaliste Julien
71%
Saison 12 Finaliste Ebony
70%
Saison 13 Candidat.e Léo
70%
Saison 4 Finaliste Lucie
70%
Saison 7 12e éliminé.e Lucie
70%
Saison 13 Candidat.e Melissa
70%
Saison 1 5e éliminé.e Grégory
69%
Saison 4 Gagnant.e Grégory
69%
Saison 13 Candidat.e Léane
69%
Saison 11 9e éliminé.e Lénie
69%
Saison 12 4e éliminé.e Noah
69%
Saison 13 Candidat.e Noah
69%
Saison 12 2e éliminé.e Paul
68%
Saison 13 Candidat.e Ema
67%
Saison 13 Candidat.e Jeanne
67%
Saison 9 4e éliminé.e Louis
67%
Saison 10 Finaliste Louis
67%
Saison 11 1er éliminé.e Louis
67%
Saison 13 Candidat.e Mehdi
67%
Saison 2 Gagnant.e Nolwenn
67%
Saison 13 Candidat.e Bastiaan
66%
Saison 11 Demi-finaliste Axel
65%
Saison 12 Demi-finaliste Charles
65%
Saison 12 Demi-finaliste Franck
65%
Saison 13 Candidat.e Lily
65%
Saison 12 10e éliminé.e Marguerite
65%
Saison 10 Gagnant.e Anisha
64%
Saison 7 8e éliminé.e Maureen
63%
Saison 12 8e éliminé.e Maureen
63%
Saison 12 11e éliminé.e Ulysse
63%
Saison 11 7e éliminé.e Candice
61%
Saison 11 6e éliminé.e Clara
60%
Saison 10 Finaliste Enola
59%
Saison 12 9e éliminé.e Maïa
59%
Saison 11 4e éliminé.e Victorien
59%
Saison 1 Demi-finaliste Jean-Pascal
58%
Saison 11 2e éliminé.e Lola
58%
Saison 11 5e éliminé.e Margot
58%
Saison 12 3e éliminé.e Thomas
58%
Saison 11 3e éliminé.e Marie-Maud
57%
Saison 3 Gagnant.e Élodie
56%
Saison 4 5e éliminé.e Karima
56%
Saison 11 8e éliminé.e Djebril
55%
Saison 12 6e éliminé.e Masséo
55%
Saison 12 1er éliminé.e Maylis
55%
Saison 5 Gagnant.e Magalie
53%
Saison 7 Gagnant.e Quentin / Mosimann
51%
Saison 1 Finaliste Mario
49%
Saison 8 8e éliminé.e Quentin
48%
Saison 2 Finaliste Houcine
47%
Saison 3 Demi-finaliste Sofia
47%
Saison 10 4e éliminé.e Carla
45%
Saison 5 6e éliminé.e Laure
45%
Saison 8 1er éliminé.e Laure
45%
Saison 1 12e éliminé.e Carine
44%
Saison 1 11e éliminé.e Olivia
44%
Saison 10 8e éliminé.e Chris
43%
Saison 3 Finaliste Michal
43%
Saison 2 Demi-finaliste Georges-Alain
42%
Saison 10 9e éliminé.e Tiana
42%
Saison 10 7e éliminé.e Stan
41%
Saison 10 2e éliminé.e Ahcène
40%
Saison 2 12e éliminé.e Aurélie
39%
Saison 6 Gagnant.e Cyril
38%
Saison 10 1er éliminé.e Amisse
37%
Saison 10 3e éliminé.e Cenzo
37%
Saison 10 5e éliminé.e Paola
37%
Saison 4 Demi-finaliste Hoda
36%
Saison 1 Demi-finaliste Patrice
36%
Saison 2 11e éliminé.e Jérémy
35%
Saison 5 Finaliste Jérémy
35%
Saison 7 13e éliminé.e Jérémy
35%
Saison 5 10e éliminé.e Maud
35%
Saison 3 5e éliminé.e Anne
34%
Saison 4 11e éliminé.e Francesca
33%
Saison 1 10e éliminé.e Jessica
33%
Saison 4 Demi-finaliste Mathieu
33%
Saison 7 Finaliste Mathieu
33%
Saison 4 13e éliminé.e Sofiane
33%
Saison 4 3e éliminé.e Émilie
31%
Saison 5 13e éliminé.e Émilie
31%
Saison 9 Gagnant.e Laurène
31%
Saison 1 8e éliminé.e François
30%
Saison 4 7e éliminé.e Morgan
30%
Saison 3 Demi-finaliste Patxi
30%
Saison 4 10e éliminé.e Harlem
29%
Saison 2 8e éliminé.e Alexandre
28%
Saison 1 4e éliminé.e Amandine
28%
Saison 2 10e éliminé.e Anne-Laure
28%
Saison 6 Finaliste Dominique
28%
Saison 2 5e éliminé.e Eva
27%
Saison 7 6e éliminé.e Eva
27%
Saison 5 Demi-finaliste Pascal
27%
Saison 3 9e éliminé.e Romain
27%
Saison 9 9e éliminé.e Romain
27%
Saison 2 1er éliminé.e Stéphanie
27%
Saison 3 7e éliminé.e Stéphanie
27%
Saison 8 Finaliste Alice
26%
Saison 1 7e éliminé.e Cécile
26%
Saison 6 Demi-finaliste Cynthia
26%
Saison 2 9e éliminé.e Fabien
26%
Saison 5 7e éliminé.e Grégoire
26%
Saison 3 11e éliminé.e Lukas
26%
Saison 3 2e éliminé.e Michaël
26%
Saison 5 3e éliminé.e Michaël
26%
Saison 3 12e éliminé.e Morganne
26%
Saison 6 6e éliminé.e Bastien
25%
Saison 1 1er éliminé.e Catherine
25%
Saison 4 12e éliminé.e John
25%
Saison 8 Gagnant.e Mickels
25%
Saison 4 14e éliminé.e Sandy
25%
Saison 1 9e éliminé.e Djalil
24%
Saison 3 6e éliminé.e Édouard
24%
Saison 8 10e éliminé.e Édouard
24%
Saison 5 11e éliminé.e Jean-Luc
24%
Saison 5 5e éliminé.e Jill
24%
Saison 1 6e éliminé.e Sidonie
24%
Saison 3 4e éliminé.e Valérie
24%
Saison 5 12e éliminé.e Alexia
23%
Saison 7 10e éliminé.e Alexia
23%
Saison 5 Demi-finaliste Ely
23%
Saison 1 2e éliminé.e Khalifa
23%
Saison 6 Demi-finaliste Marina
23%
Saison 4 8e éliminé.e Radia
23%
Saison 5 4e éliminé.e Chloé
22%
Saison 2 7e éliminé.e Isabelle
22%
Saison 9 7e éliminé.e Pauline
22%
Saison 4 6e éliminé.e Tina
22%
Saison 9 Finaliste Zayra
22%
Saison 3 8e éliminé.e Amina
21%
Saison 4 9e éliminé.e Enrique
21%
Saison 2 2e éliminé.e Florence
21%
Saison 3 3e éliminé.e Marjorie
21%
Saison 6 9e éliminé.e Nicolas
21%
Saison 7 1er éliminé.e Alexandra
20%
Saison 6 4e éliminé.e Céline
20%
Saison 6 5e éliminé.e Faustine
20%
Saison 4 2e éliminé.e Gauthier
20%
Saison 3 1er éliminé.e Icaro
20%
Saison 1 3e éliminé.e Stéphane
20%
Saison 7 7e éliminé.e Antoine
19%
Saison 5 8e éliminé.e Arno
19%
Saison 9 Demi-finaliste Daniel
19%
Saison 6 10e éliminé.e Elfy
19%
Saison 6 1er éliminé.e Laurent
19%
Saison 9 5e éliminé.e Mathilde
19%
Saison 9 8e éliminé.e Nancy
19%
Saison 5 1er éliminé.e Nassim et Neïssa
19%
Saison 7 4e éliminé.e Noémie
19%
Saison 2 4e éliminé.e Philippe
19%
Saison 2 6e éliminé.e Rudy
19%
Saison 9 10e éliminé.e Vanina
19%
Saison 6 3e éliminé.e Eloïsha
18%
Saison 8 Demi-finaliste Joanna
18%
Saison 6 7e éliminé.e Judith
18%
Saison 4 4e éliminé.e Sébastien
18%
Saison 9 Demi-finaliste Sidoine
18%
Saison 8 3e éliminé.e Ana
17%
Saison 8 9e éliminé.e Anissa
17%
Saison 7 Demi-finaliste Bertrand
17%
Saison 7 Demi-finaliste Claire-Marie
17%
Saison 6 8e éliminé.e David
17%
Saison 6 11e éliminé.e Gaël
17%
Saison 8 4e éliminé.e Julia
17%
Saison 6 14e éliminé.e Ludovic
17%
Saison 8 11e éliminé.e Solène
17%
Saison 7 2e éliminé.e Yaëlle
17%
Saison 6 12e éliminé.e Brice
16%
Saison 6 2e éliminé.e Fafa
16%
Saison 6 13e éliminé.e Jean-Charles
16%
Saison 9 1er éliminé.e Manika
16%
Saison 2 3e éliminé.e Nazim
16%
Saison 9 2e éliminé.e Tad
16%
Saison 9 6e éliminé.e Tony
16%
Saison 7 5e éliminé.e Claudia
15%
Saison 8 Demi-finaliste Gautier
15%
Saison 5 2e éliminé.e Moïses
15%
Saison 7 9e éliminé.e Sevan
15%
Saison 7 3e éliminé.e Dojima
14%
Saison 9 3e éliminé.e Jimmy
14%
Saison 8 7e éliminé.e Maryline
14%
Saison 8 2e éliminé.e Gaëtan
12%
Saison 8 5e éliminé.e Harold
12%
Saison 8 6e éliminé.e Yvane
12%
Aucun quiz correspondant
Distribution des résultats
% des personnes avec chaque résultat
Percentile par nombre de réponses
Votre historique - résultats
Vous n’avez pas pris ce quiz depuis la dernière actualisation